| 000 | 00924nam a22002652 4500 | ||
|---|---|---|---|
| 001 | 0000018876 | ||
| 005 | 20151217152138.0 | ||
| 008 | 100811s xx 000 0 eng d | ||
| 020 | _a8123915401 : | ||
| 040 |
_aKABU _cKABU |
||
| 100 | 1 |
_aBallington, Don A. _@0000178318 |
|
| 245 | 1 | 0 |
_aPharmacy calculations / _cDon A. Ballington, Tova Wiegand Green. |
| 250 | _a3rd ed. | ||
| 260 |
_aNew Delhi : _bCBS, _c2007. |
||
| 300 | _ax, 262 p. | ||
| 650 | 0 |
_aPharmaceutical arithmetic. _@0000178319 |
|
| 700 | 1 |
_aGreen, Tova Wiegand. _@0000178320 |
|
| 852 | 1 | _9p1870 KES | |
| 852 | 1 | _9p1870 KES | |
| 852 | 1 | _9p1870 KES | |
| 852 | 1 | _9p1870 KES | |
| 852 | 1 | _9p1870 KES | |
| 908 | _a100811 | ||
| 950 | _@1 | ||
| 999 |
_c8692 _d8692 |
||